Sports Quiz

Random Sports or NBA Quiz

NBA 30,000 Point Club Quiz Stats

 Plays Quiz Updated Jul 1, 2018

Score 0/8 Timer 03:00
36 Plays Today
Points Player % Correct
32,464*LeBron James
97%
32,292Michael Jordan
95.1%
33,643Kobe Bryant
91.6%
38,387Kareem Abdul-Jabbar
91.3%
36,928Karl Malone
82%
31,419Wilt Chamberlain
78.4%
31,451*Dirk Nowitzki
77.9%
30,026Julius Erving
19.7%

You're not logged in!

Compare scores with friends on all Sporcle quizzes.
OR
Log In

You Might Also Like...

Show Comments

Extras

Top Quizzes Today


Score Distribution

Your Account Isn't Verified!

In order to create a playlist on Sporcle, you need to verify the email address you used during registration. Go to your Sporcle Settings to finish the process.

Report this User

Report this user for behavior that violates our Community Guidelines.

Details: